000 00203nam a2200085Ia 4500
008 120527s9999 xx 000 0 und d
100 _aMitshell & Jolley
245 _aResearch design explained
942 _cBK
999 _c27773
_d27773